123 WITH GOOSE / (Record no. 685730)
[ view plain ]
| 000 -LEADER | |
|---|---|
| fixed length control field | 00987nam a2200253Ia 4500 |
| 003 - CONTROL NUMBER IDENTIFIER | |
| control field | 3228 |
| 005 - DATE AND TIME OF LATEST TRANSACTION | |
| control field | 20260525111704.0 |
| 008 - FIXED-LENGTH DATA ELEMENTS--GENERAL INFORMATION | |
| fixed length control field | 220624s9999 xx 000 0 und d |
| 020 ## - INTERNATIONAL STANDARD BOOK NUMBER | |
| International Standard Book Number | 9781782700722 (Hardcover) |
| 040 ## - CATALOGING SOURCE | |
| Original cataloging agency | MPL |
| Transcribing agency | 3228 |
| Language of cataloging | Eng |
| Modifying agency | RDA |
| 041 ## - LANGUAGE CODE | |
| Source of code | E |
| 082 ## - DEWEY DECIMAL CLASSIFICATION NUMBER | |
| Classification number | EKF WALL |
| 100 ## - MAIN ENTRY--PERSONAL NAME | |
| Personal name | LAURA WALL |
| 245 #0 - TITLE STATEMENT | |
| Title | 123 WITH GOOSE / |
| Statement of responsibility, etc. | Wall,Laura |
| 260 ## - PUBLICATION, DISTRIBUTION, ETC. | |
| Name of publisher, distributor, etc. | Award publication limited |
| 300 ## - PHYSICAL DESCRIPTION | |
| Other physical details | Colour illustrastions |
| Dimensions | 17cm |
| 490 ## - SERIES STATEMENT | |
| International Standard Serial Number | 9781782700722 |
| 520 ## - SUMMARY, ETC. | |
| Summary, etc. | When Sophie meets Goose on a trip to the park, they soon become inseparable. An enchanting series of stories about an unusual and heart-warming friendship. Little Goose is a series of shorter Goose stories in board book format, perfect for sharing with littlest ones. Age 0 3 And in 'Learn With Goose', with Goose around, first counting is lots of fun in these bright board books! |
| 521 ## - TARGET AUDIENCE NOTE | |
| Target audience note | Kids |
| 942 ## - ADDED ENTRY ELEMENTS | |
| Source of classification or shelving scheme | Dewey Decimal Classification |
| item type | Book |
| -- | 164 |
| -- | Cyprian Zikalala |
| 942 ## - ADDED ENTRY ELEMENTS | |
| Source of classification or shelving scheme | Dewey Decimal Classification |
| item type | Book |
| 942 ## - ADDED ENTRY ELEMENTS | |
| Source of classification or shelving scheme | Dewey Decimal Classification |
| item type | Book |
| 942 ## - ADDED ENTRY ELEMENTS | |
| item type | Book |
| Source of classification or shelving scheme | Dewey Decimal Classification |
| Withdrawn status | Lost status | Damaged status | Not for loan | Home library | Current library | Date acquired | Cost, normal purchase price | Total Checkouts | Barcode | Date last seen | Price effective from | item type | Public note | Source of classification or shelving scheme | Shelving location | Full call number |
|---|---|---|---|---|---|---|---|---|---|---|---|---|---|---|---|---|
| LYDENBURG (TOWN) | LYDENBURG (TOWN) | 25.05.2026 | 3322803183568 | 25.05.2026 | 25.05.2026 | Book | Dewey Decimal Classification | EKF WALL | ||||||||
| Mashishing Mobile Library | Mashishing Mobile Library | 12.08.2025 | 3322803183004 | 12.08.2025 | 12.08.2025 | Book | Dewey Decimal Classification | Children's Area | EKF | |||||||
| Rietkuil PL (MMID-PLST-RIET) | Rietkuil PL (MMID-PLST-RIET) | 24.06.2022 | 314.50 | 33228031021520 | 24.06.2022 | 24.06.2022 | Books | ARN265/21 |